It looks like you're offline.
Open Library logo
additional options menu

MARC record from Internet Archive

LEADER: 01257cam 2200361Ia 4500
001 ocm49381529
003 OCoLC
005 20210713221047.0
008 020322s1981 nyua 000 0 eng
010 $a 72084313
040 $aUAB$beng$cUAB$dOCLCF$dOCLCQ$dOCLCO
020 $a0600355926
020 $a9780600355922
035 $a(OCoLC)49381529
050 0 $aQK50$b.P47 1981
082 $a582/.13
100 1 $aPerry, Frances.
245 10 $aFlowers of the world /$cFrances Perry ; illustrated by Leslie Greenwood ; foreword by the Lord Aberconway ; consultant taxonomist: C.D. Brickell ; American consultant: George Kalmbacher.
250 $aRev. ed.
260 $a[New York?] :$bW.H. Smith,$c1981.
300 $a320 pages :$bcolor illustrations ;$c31 cm
336 $atext$btxt$2rdacontent
337 $aunmediated$bn$2rdamedia
338 $avolume$bnc$2rdacarrier
500 $aRevision of: London ; New York : Hamlyn, 1972.
650 0 $aFlowers.
650 0 $aBotany$vPopular works.
650 7 $aBotany.$2fast$0(OCoLC)fst00836869
650 7 $aFlowers.$2fast$0(OCoLC)fst00927866
655 7 $aPopular works.$2fast$0(OCoLC)fst01423846
029 1 $aUNITY$b047283548
994 $aZ0$bP4A
948 $hNO HOLDINGS IN P4A - 4 OTHER HOLDINGS